000 00338nam a2200133Ia 4500
005 20251222142029.0
008 251222s9999||||xx |||||||||||||| ||spa||
020 _a84-220-0708-8
082 _a335.4/C12
100 _aCabada Castro, Manuel
245 0 _aEl Humanismo Premarxista de Ludwig Feverbach
264 _bCatólica
942 _cLIB
999 _c10903
_d10903